Python programming (E-BOOK) (Record no. 192502)
[ view plain ]
| 000 -LEADER | |
|---|---|
| fixed length control field | 00693 a2200205 4500 |
| 003 - CONTROL NUMBER IDENTIFIER | |
| control field | Nust |
| 005 - DATE AND TIME OF LATEST TRANSACTION | |
| control field | 20170207154038.0 |
| 010 ## - LIBRARY OF CONGRESS CONTROL NUMBER | |
| LC control number | 2010013947 |
| 020 ## - INTERNATIONAL STANDARD BOOK NUMBER | |
| International Standard Book Number | 9781590282410 (alk. paper) |
| 040 ## - CATALOGING SOURCE | |
| Transcribing agency | Nust |
| 082 00 - DEWEY DECIMAL CLASSIFICATION NUMBER | |
| Classification number | 005.133 |
| 100 1# - MAIN ENTRY--PERSONAL NAME | |
| Personal name | Zelle, John M. |
| 245 10 - TITLE STATEMENT | |
| Title | Python programming (E-BOOK) |
| Remainder of title | an introduction to computer science / |
| Statement of responsibility, etc. | John M. Zelle. |
| 250 ## - EDITION STATEMENT | |
| Edition statement | 2nd ed. |
| 260 ## - PUBLICATION, DISTRIBUTION, ETC. | |
| Place of publication, distribution, etc. | Sherwood, Or. : |
| Name of publisher, distributor, etc. | Franklin, Beedle & Associates, |
| Date of publication, distribution, etc. | c2010. |
| 300 ## - PHYSICAL DESCRIPTION | |
| Extent | xiv, 514 p. : |
| Other physical details | ill. ; |
| Dimensions | 24 cm. |
| 520 ## - SUMMARY, ETC. | |
| Summary, etc. | "Introduces computer programming using the Python programming language"--Provided by publisher. |
| 650 #0 - SUBJECT ADDED ENTRY--TOPICAL TERM | |
| Topical term or geographic name entry element | Python (Computer program language) |
| 651 ## - SUBJECT ADDED ENTRY--GEOGRAPHIC NAME | |
| Geographic name | Python programming (E-BOOK) |
| 942 ## - ADDED ENTRY ELEMENTS (KOHA) | |
| Source of classification or shelving scheme | |
| Koha item type | Book |
| Withdrawn status | Lost status | Source of classification or shelving scheme | Damaged status | Not for loan | Collection code | Permanent Location | Current Location | Date acquired | Total Checkouts | Full call number | Barcode | Date last seen | Price effective from | Koha item type |
|---|---|---|---|---|---|---|---|---|---|---|---|---|---|---|
| Military College of Signals (MCS) | Military College of Signals (MCS) | 12/12/2016 | 005.133 ZEL | MCSEB-294 | 12/08/2016 | 12/12/2016 | Book | |||||||
| Military College of Signals (MCS) | Military College of Signals (MCS) | 12/12/2016 | 005.133 ZEL | MCSEB-295 | 12/08/2016 | 12/12/2016 | Book |
